| 000 | 00572nam a2200181Ia 4500 | ||
|---|---|---|---|
| 999 |
_c22188 _d22188 |
||
| 003 | OSt | ||
| 005 | 20200515090734.0 | ||
| 008 | 190216s9999||||xx |||||||||||||| ||und|| | ||
| 020 | _a0913321648 | ||
| 040 | _coclc | ||
| 082 |
_a297 _bALI/F |
||
| 100 |
_aAli, Maulana Muhammad _92176 |
||
| 245 | 4 |
_aThe Founder Of The Ahmadiyya Movement / _cMaulana Muhammad Ali |
|
| 260 |
_bAhmadiyya Anjuman Isha`At Islam, _c1984. _aNewyork: |
||
| 300 | _a112p | ||
| 650 | 0 |
_aHistory & geography _vIslamic History _92271 |
|
| 942 |
_cBK _2ddc _h297 _iALI/F _k297 _mALI/F |
||